|
|
|
|
| LEADER |
00000nab#a22000007a#4500 |
| 001 |
arbauad027874 |
| 003 |
AR-BaUAD |
| 005 |
20250711112258.0 |
| 008 |
9707 0|||||||||###||||||b###|0###a|spa|| |
| 040 |
|
|
|a AR-BaUAD
|c AR-BaUAD
|b spa
|
| 245 |
1 |
0 |
|a La linterna mágica
|b Cines Megabioscoop Rotterdam
|
| 300 |
0 |
|
|b cortes, fot., plantas, vistas
|
| 653 |
|
|
|a PAISES BAJOS
|
| 653 |
|
|
|a CINES
|
| 653 |
|
|
|a DETALLES CONSTRUCTIVOS
|
| 653 |
|
|
|a FACHADAS
|
| 653 |
|
|
|a VAN VELSEN, KOEN
|
| 653 |
|
|
|a ROTTERDAM
|
| 773 |
0 |
|
|t ARQUITECTURA VIVA
|g no. 54 [mayo-jun. 1997], p. 46-49
|
| 942 |
|
|
|c ARTI
|
| 952 |
|
|
|0 0
|1 0
|4 0
|7 0
|9 72793
|a AR-BAuAD
|b AR-BAuAD
|d 2025-07-11
|l 0
|p AAQA027874
|r 2025-07-11 11:22:58
|w 2025-07-11
|y ARTI
|
| 990 |
|
|
|a AQ199
|b TD
|
| 998 |
|
|
|a AAQ
|b BIBUN76
|
| 999 |
|
|
|c 52466
|d 52466
|